Vermont, 2002 : 2002 economic census, wholesale trade, geographic area series.

Bibliographic Details
Uniform Title:Economic census (2002).
Corporate Author: U.S. Census Bureau
Format: Government Document Book
Language:English
Published: [Washington, D.C.] : U.S. Dept. of Commerce, Economics and Statistics Administration, U.S. Census Bureau, [2005]
Subjects:
Online Access:https://purl.fdlp.gov/GPO/LPS77363

MARC

Tag First Indicator Second Indicator Subfields
LEADER 00000cam a2200000Ka 4500
001 in00002249366
005 20211129152631.0
006 m d f
008 070104s2005 dcu s f000 0 eng d
035 |a (OCoLC)ocm77529266 
040 |a GPO  |c GPO  |d MvI  |d UtOrBLW 
049 |a WWW 
074 |a 0132-B-55 (online) 
086 0 |a C 3.256/7-2:EC 02-42 A-VT 
130 0 |a Economic census (2002).  |p Wholesale trade.  |p Geographic area series. 
245 1 0 |a Vermont, 2002 :  |b 2002 economic census, wholesale trade, geographic area series. 
246 3 0 |a 2002 economic census, wholesale trade, geographic area series 
264 1 |a [Washington, D.C.] :  |b U.S. Dept. of Commerce, Economics and Statistics Administration, U.S. Census Bureau,  |c [2005] 
300 |a 1 volume (various pagings) :  |b digital, PDF file. 
336 |a text  |b txt  |2 rdacontent 
337 |a computer  |b c  |2 rdamedia 
338 |a unspecified  |b zu  |2 rdacarrier 
538 |a Mode of access: Internet from the Census Bureau web site. Address as of 1/4/07: http://www.census.gov/prod/ec02/ec0242avt.pdf; current access available via PURL. 
500 |a Title from title screen (viewed on Jan. 4, 2007). 
500 |a "Issued March 2005." 
500 |a Electronic resource. 
650 0 |a Wholesale trade  |z Vermont  |v Statistics. 
710 2 |a U.S. Census Bureau. 
856 4 0 |u https://purl.fdlp.gov/GPO/LPS77363  |t 0 
999 |a MARS 
999 f f |s 72fc839f-d4d9-35b7-8e88-0c0a364ef0a8  |i fb2beb21-f5da-38c9-9138-92145ffefcba  |t 0 
952 f f |a Texas A&M University  |b College Station  |c Electronic Resources  |d Available Online  |t 0  |e C 3.256/7-2:EC 02-42 A-VT  |h Superintendent of Documents classification 
998 f f |a C 3.256/7-2:EC 02-42 A-VT  |t 0  |l Available Online